Name that person 2020s - Statistics

General Stats
  • This quiz has been taken 80 times
  • The average score is 14 of 20
Answer Stats
Picture Answer % Correct
elon musk
97%
zendaya
89%
billie eilish
86%
tom holland
86%
the weeknd
84%
mrbeast
83%
kylian mbappe
80%
margot robbie
79%
lil nas x
73%
timothee chalamet
73%
michael b jordan
71%
joe rogan
70%
millie bobby brown
69%
chris evans
66%
volodymyr zelensky
66%
greta thunberg
64%
gal gadot
63%
adam driver
56%
max verstappen
50%
jungkook
31%
No matching quizzes found
Score Distribution
Percent of People with Each Score
Percentile by Number Answered
Your Score History
You have not taken this quiz